RUBBER AGE (Record no. 366)

MARC details
000 -LEADER
fixed length control field 00464nam a2200157Ia 4500
022 ## - INTERNATIONAL STANDARD SERIAL NUMBER
ISSN 0035-9440
245 #0 - TITLE STATEMENT
Title RUBBER AGE
246 ## - VARYING FORM OF TITLE
Title proper/short title Elastomerics
260 ## - PUBLICATION, DISTRIBUTION, ETC. (IMPRINT)
Name of publisher Palmerton Publishing Company, New York
Place of publication USA
310 ## - CURRENT PUBLICATION FREQUENCY
Current publication frequency M
500 ## - GENERAL NOTE
General note Ending Volume & Year: 108, 1976
500 ## - GENERAL NOTE
General note Missing Volume: 66(3);72(2);87(2);90(5);94(5);98(12);99(8);105(1-2)
500 ## - GENERAL NOTE
General note Starting Volume & Year: 64, 1949
942 ## - ADDED ENTRY ELEMENTS (KOHA)
Koha item type Bound Journal
Holdings
Withdrawn status Lost status Damaged status Not for loan Home library Current library Date acquired Accession Number Koha item type
      Bound journals RRII Library RRII Library 31/12/2021 00356J Bound Journal